00478nam a22001697a 450000500170000001000130001702000260003003500130005603700090006908200080007810000190008624500360010526000400014127000520018130000240023350000510025720210603140648.0 aB-739961 a9789382277071c995.00 aB-739961 bGift a230 aDoniger, Wendy aOn Hinduism /cby Wendy Doniger aNew DelhibAleph Book Companyc2013 a7/16, Ansari Road, DaryaganjbNew Delhie110002 axx, 660p.c23cm(Hb) aincludes bibliographical references and index